Úvod do finančnej matematiky 1. časť: Úrokový počet a diskontovanie

Gespeichert in:
Bibliographische Detailangaben
1. Verfasser: Simonka, Zsolt, 1974-
Körperschaft: Ekonomická univerzita v Bratislave. Fakulta hospodárskej informatiky
Weitere Verfasser: Gunčaga, Ján, Belanová, Katarína, 1978-
Format: Buch
Sprache:Slowakisch
Veröffentlicht: Bratislava Letra Edu 2023
Ausgabe:1. vydanie
Schlagworte:
Tags: Tag hinzufügen
Keine Tags, Fügen Sie das erste Tag hinzu!

MARC

LEADER 00000nam a2200000 4500
001 0298149
005 20240502074521.4
020 |a 978-80-974443-6-5 
020 |a 978-80-974443-7-2 
041 0 |a slo 
044 |a SK 
245 1 0 |a Úvod do finančnej matematiky  |b 1. časť: Úrokový počet a diskontovanie  |c Zsolt Simonka ; recenzovali: Ján Gunčaga, Katarína Belanová 
250 |a 1. vydanie 
264 1 |a Bratislava  |b Letra Edu  |c 2023 
300 |a 88 s. [4,74 AH] 
610 2 0 |a matematika finančná 
610 2 0 |a úrok 
610 2 0 |a diskont 
610 2 0 |a pojmy 
610 2 0 |a sadzby úrokové 
610 2 0 |a zmenky 
100 1 |a Simonka, Zsolt, 1974- 
700 1 |a Gunčaga, Ján 
700 1 |a Belanová, Katarína, 1978- 
710 2 |a Ekonomická univerzita v Bratislave. Fakulta hospodárskej informatiky